Movies Quiz

Random Movies Quiz
Score 0/40 Timer 13:00
0 Plays Today
Facts Name... % Correct
Can Read MindsEdward
99.7%
Bella's BabyRenesmee
96.4%
Was Created By MariaJasper
94.5%
DoctorCarlisle
91.3%
Moved To ForksBella
90.6%
Alpha Of The WereWolf PackSam
90.3%
Envies BellaRosalie
89.6%
Turned Wolf In New MoonJacob
89.3%
Youngest Male WolfSeth
89%
Only Female WolfLeah
89%
Broke Bella's LegJames
89%
Chief Of PoliceCharlie
89%
Can See Into The FutureAlice
88.7%
Killed By Edward In EclipseVictoria
87.7%
Had A Heart AttackHarry
85.4%
StrongEmmett
85.4%
Charlie's Best FriendBilly
84.8%
Can Make People Think They're In PainJane
83.2%
Tried To Kill Bella For Vicotia In New MoonLaurent
82.8%
Jumped Off A CliffEsme
81.9%
Facts Name... % Correct
Killed By SethRiley
81.6%
Moved To Jackson VilleRenee
81.6%
Bella's FriendJessica
81.6%
Gets Scarred By PatnerEmily
80.9%
Goes To Prom With JessMike
79.6%
Bella's Step-FatherPhil
79.3%
Really KindAngela
78.6%
Part Of The VolturiAro
78%
Almost Kills Bella With VanTyler
77.3%
Dark Grey Wolf Who Is Prone To Angry OutburstsPaul
77%
First Person Bella See's At Her New SchoolEric
76.4%
Created To Fight BellaBree
75.1%
Wolf With Grey FurEmbry
73.1%
Was The First Wolf To Phase After SamJared
71.5%
Part Of The VolturiCaius
71.2%
Part Of The VolturiMarcus
70.2%
Leader Of The Denali CovenTanya
68.6%
Part Of The VolturiFelix
67.3%
Part Of The VolturiDemetri
67%
Part Of The VolturiAlec
65.7%
Remove Ads.
Support Sporcle.
Get the best of Sporcle when you Go Orange. This ad-free experience offers more features, more stats, and more fun while also helping to support Sporcle. Thank you for becoming a member.

You're not logged in!

Compare scores with friends on all Sporcle quizzes.
OR
Log In

Show Comments

Extras

Created Oct 16, 2010ReportNominate
Tags:Character, Twilight

Top Quizzes Today


Score Distribution

Your Account Isn't Verified!

In order to create a playlist on Sporcle, you need to verify the email address you used during registration. Go to your Sporcle Settings to finish the process.

Report this User

Report this user for behavior that violates our Community Guidelines.

Details: